Evaluatin outcomes in health and social care / (Record no. 4653)

MARC details
000 -LEADER
fixed length control field 00566nam a22002057a 4500
003 - CONTROL NUMBER IDENTIFIER
control field OSt
005 - DATE AND TIME OF LATEST TRANSACTION
control field 20160707133729.0
008 - FIXED-LENGTH DATA ELEMENTS--GENERAL INFORMATION
fixed length control field 160707b xxu||||| |||| 00| 0 eng d
020 ## - INTERNATIONAL STANDARD BOOK NUMBER
International Standard Book Number 9781847420343
040 ## - CATALOGING SOURCE
Transcribing agency 040a
082 ## - DEWEY DECIMAL CLASSIFICATION NUMBER
Classification number W 322
Item number D554e 2009
100 ## - MAIN ENTRY--PERSONAL NAME
Personal name Dickinson, Helen
9 (RLIN) 10007
245 ## - TITLE STATEMENT
Title Evaluatin outcomes in health and social care /
Statement of responsibility, etc. Helen Dickinson
260 ## - PUBLICATION, DISTRIBUTION, ETC. (IMPRINT)
Place of publication, distribution, etc. Bristol
Name of publisher, distributor, etc. The Policy press
Date of publication, distribution, etc. 2009
300 ## - PHYSICAL DESCRIPTION
Extent xvii, 126p;
Other physical details ill :
Dimensions 10 cm.
504 ## - BIBLIOGRAPHY, ETC. NOTE
Bibliography, etc Includes index
650 ## - SUBJECT ADDED ENTRY--TOPICAL TERM
Topical term or geographic name as entry element Health
9 (RLIN) 2172
650 ## - SUBJECT ADDED ENTRY--TOPICAL TERM
Topical term or geographic name as entry element Social care
9 (RLIN) 13
942 ## - ADDED ENTRY ELEMENTS (KOHA)
Source of classification or shelving scheme Other/Generic Classification Scheme
Koha item type Open Shelf
Holdings
Withdrawn status Lost status Source of classification or shelving scheme Damaged status Not for loan Home library Current library Date acquired Source of acquisition Inventory number Total Checkouts Full call number Barcode Date last seen Price effective from Koha item type
    Other/Generic Classification Scheme     MUST Main Library MUST Main Library 07/07/2016   2010/32248   W 322 D554e 2009 2016-3026 07/07/2016 07/07/2016 Open Shelf